<?xml version="1.0" encoding="UTF-8"?>
<marc:record xmlns:marc="http://www.loc.gov/MARC21/slim">
   <marc:leader>00000nam a2200000 a 4500</marc:leader>
   <marc:datafield ind1="1" ind2=" " tag="100">
      <marc:subfield code="a">Skuban, Ralph</marc:subfield>
      <marc:subfield code="4">aut</marc:subfield>
      <marc:subfield code="e">Verfasser/-in</marc:subfield>
   </marc:datafield>
   <marc:datafield ind1="1" ind2=" " tag="100">
      <marc:subfield code="a">Broome, Patrick</marc:subfield>
      <marc:subfield code="4">wpr</marc:subfield>
      <marc:subfield code="e">Writer of preface</marc:subfield>
   </marc:datafield>
   <marc:datafield ind1=" " ind2=" " tag="653">
      <marc:subfield code="a">Yoga</marc:subfield>
   </marc:datafield>
   <marc:datafield ind1=" " ind2=" " tag="653">
      <marc:subfield code="a">Meditation /Spirituelle Psychologie</marc:subfield>
   </marc:datafield>
   <marc:datafield ind1=" " ind2=" " tag="653">
      <marc:subfield code="a">Selbstfindung</marc:subfield>
   </marc:datafield>
   <marc:datafield ind1=" " ind2=" " tag="653">
      <marc:subfield code="a">Energie-Medizin</marc:subfield>
   </marc:datafield>
   <marc:datafield ind1=" " ind2=" " tag="653">
      <marc:subfield code="a">Pranayama+Patanjali</marc:subfield>
   </marc:datafield>
   <marc:datafield ind1=" " ind2=" " tag="653">
      <marc:subfield code="a">Softcover / Ratgeber/Spiritualität</marc:subfield>
   </marc:datafield>
   <marc:datafield ind1="0" ind2="0" tag="245">
      <marc:subfield code="a">Pranayama</marc:subfield>
   </marc:datafield>
   <marc:datafield ind1="0" ind2="0" tag="245">
      <marc:subfield code="b">Die heilsame Kraft des Atems</marc:subfield>
   </marc:datafield>
   <marc:datafield ind1="0" ind2="0" tag="245">
      <marc:subfield code="c">Ralph Skuban</marc:subfield>
   </marc:datafield>
   <marc:datafield ind1=" " ind2="1" tag="264">
      <marc:subfield code="a">Grafing</marc:subfield>
      <marc:subfield code="b">Aquamarin Verlag</marc:subfield>
      <marc:subfield code="c">2017</marc:subfield>
   </marc:datafield>
   <marc:datafield ind1=" " ind2=" " tag="250">
      <marc:subfield code="a">Deutsche Originalausgabe, 1. Auflage</marc:subfield>
   </marc:datafield>
   <marc:datafield ind1="1" ind2=" " tag="520">
      <marc:subfield code="a">Angaben aus der Verlagsmeldung

Pranayama : Die heilsame Kraft des Atems / von Ralph Skuban

Ralph Skuban widmet sich der Kunst des Pranayama, indem er die uralte Tradition in allen Einzelheiten darstellt und zugleich eine Brücke zur Yoga-Praxis des 21. Jahrhunderts schlägt. In einer Zeit, die von Hektik – und damit Kurzatmigkeit – geprägt ist, kommt der Beruhigung des Atems eine immense Bedeutung zu.
Diese meisterhafte Studie stellt nicht nur eine brillante Abhandlung über die verschiedenen Atem-Übungen dar, sondern macht vor allem deutlich, welche segensreiche Wirkung die Beherrschung des Atems auf die Gesundheit ausübt.
</marc:subfield>
   </marc:datafield>
   <marc:datafield ind1=" " ind2=" " tag="020">
      <marc:subfield code="a">9783894277932</marc:subfield>
      <marc:subfield code="9">9783894277932</marc:subfield>
   </marc:datafield>
   <marc:datafield ind1=" " ind2=" " tag="020">
      <marc:subfield code="a">3894277939</marc:subfield>
      <marc:subfield code="9">3894277939</marc:subfield>
   </marc:datafield>
   <marc:datafield ind1=" " ind2=" " tag="041">
      <marc:subfield code="a">ger</marc:subfield>
   </marc:datafield>
   <marc:datafield ind1=" " ind2=" " tag="300">
      <marc:subfield code="a">200 Seiten</marc:subfield>
   </marc:datafield>
</marc:record>
